Statistics for South America - Countries by Capitals with Map

Click here to take the quiz!

General Stats

  • This quiz has been taken 59 times
  • The average score is 10 of 12

Answer Stats

Capital(s) Country % Correct
BrasíliaBrazil
98%
Buenos AiresArgentina
93%
LimaPeru
93%
SantiagoChile
89%
AsunciónParaguay
87%
CaracasVenezuela
87%
BogotáColombia
87%
MontevideoUruguay
84%
Sucre or La PazBolivia
82%
GeorgetownGuyana
82%
QuitoEcuador
82%
ParamariboSuriname
78%

Score Distribution

Percentile by Number Answered

Percent of People with Each Score

Your Score History

You have not taken this quiz